[Event "Deutsche Ländermeisterschaft 2018"]
[Site "Würzburg GER"]
[Date "2018.10.03"]
[Round "1"]
[White "Köhler, Lukas"]
[Black "Goldbeck, Lars"]
[Result "1-0"]
[Termination "normal"]
[Board "7.3"]
[WhiteElo "1926"]
[BlackElo "2184"]
[WhiteClock "00:01:29"]
[BlackClock "00:00:59"]
[WhiteTeam "Bayern 2"]
[BlackTeam "Bayern 1"]
[PlyCount "51"]
[WhiteFideId "16221990"]
[BlackFideId "16208188"]
[EventCountry "GER"]
[EventRounds "7"]
[EventType "team-swiss"]
[EventDate "2018.10.02"]

1. b3 {[%clk 1:30:52]} Nf6 {[%clk 1:30:47]} 2. Bb2 {[%clk 1:31:09]} d5 {[%clk
1:31:05]} 3. e3 {[%clk 1:30:18]} Bg4 {[%clk 1:27:42]} 4. Be2 {[%clk 1:23:02]}
Bxe2 {[%clk 1:26:43]} 5. Qxe2 {[%clk 1:23:12]} Nc6 {[%clk 1:09:54]} 6. f4
{[%clk 1:20:27]} e6 {[%clk 1:08:32]} 7. Nf3 {[%clk 1:20:21]} Bd6 {[%clk
1:08:28]} 8. O-O {[%clk 1:15:05]} O-O {[%clk 1:04:09]} 9. d4 {[%clk 0:53:26]}
Ne7 {[%clk 0:53:14]} 10. Nbd2 {[%clk 0:48:24]} Nf5 {[%clk 0:46:21]} 11. Ne5
{[%clk 0:44:46]} c5 {[%clk 0:41:56]} 12. g4 {[%clk 0:34:47]} Ne7 {[%clk
0:42:08]} 13. Kh1 {[%clk 0:32:31]} Rc8 {[%clk 0:35:58]} 14. c4 {[%clk 0:30:37]}
cxd4 {[%clk 0:31:09]} 15. exd4 {[%clk 0:28:04]} Bb4 {[%clk 0:29:09]} 16. Ndf3
{[%clk 0:25:04]} Ne4 {[%clk 0:25:01]} 17. Rfc1 {[%clk 0:22:21]} Bd6 {[%clk
0:20:09]} 18. Nd2 {[%clk 0:19:03]} f5 {[%clk 0:16:48]} 19. Nxe4 {[%clk
0:12:59]} fxe4 {[%clk 0:17:02]} 20. Rf1 Ng6 21. f5 {[%clk 0:09:05]} exf5 {[%clk
0:09:43]} 22. gxf5 {[%clk 0:09:24]} Nh4 {[%clk 0:07:57]} 23. Qg4 {[%clk
0:07:51]} Qf6 {[%clk 0:05:10]} 24. Nd7 {[%clk 0:01:39]} Qh6 {[%clk 0:05:39]}
25. f6 {[%clk 0:01:29]} Qd2 {[%clk 0:00:59]} 26. Qxg7# 1-0

[Event "Deutsche Ländermeisterschaft 2018"]
[Site "Würzburg GER"]
[Date "2018.10.03"]
[Round "1"]
[White "Huber, Benedikt"]
[Black "Astner, Sebastian"]
[Result "0-1"]
[Termination "normal"]
[Board "7.4"]
[WhiteElo "2116"]
[BlackElo "1849"]
[WhiteClock "00:26:16"]
[BlackClock "00:01:48"]
[WhiteTeam "Bayern 1"]
[BlackTeam "Bayern 2"]
[PlyCount "72"]
[WhiteFideId "12923583"]
[BlackFideId "12979422"]
[EventCountry "GER"]
[EventRounds "7"]
[EventType "team-swiss"]
[EventDate "2018.10.02"]

1. d4 {[%clk 1:30:51]} b6 {[%clk 1:29:55]} 2. e4 {[%clk 1:31:00]} Bb7 {[%clk
1:30:13]} 3. Bd3 {[%clk 1:31:08]} e6 {[%clk 1:29:30]} 4. Nf3 {[%clk 1:30:02]}
Nf6 {[%clk 1:28:42]} 5. Qe2 {[%clk 1:23:25]} d5 {[%clk 1:26:28]} 6. e5 {[%clk
1:22:58]} Ne4 {[%clk 1:23:30]} 7. O-O {[%clk 1:17:10]} c5 {[%clk 1:22:01]} 8.
c3 {[%clk 1:17:39]} Be7 {[%clk 1:16:53]} 9. Rd1 {[%clk 1:08:49]} O-O {[%clk
1:09:42]} 10. Ne1 {[%clk 1:07:37]} h6 {[%clk 1:00:39]} 11. Qg4 {[%clk 1:01:46]}
f5 {[%clk 0:53:08]} 12. exf6 {[%clk 0:50:24]} Rxf6 {[%clk 0:50:58]} 13. f3
{[%clk 0:42:05]} Nd6 {[%clk 0:47:57]} 14. Bf4 {[%clk 0:41:10]} h5 {[%clk
0:41:08]} 15. Qg5 {[%clk 0:36:32]} Rf5 {[%clk 0:33:44]} 16. Qg3 {[%clk
0:36:35]} Bh4 {[%clk 0:32:18]} 17. Qg6 {[%clk 0:37:03]} Rxf4 {[%clk 0:29:05]}
18. g3 {[%clk 0:37:16]} Rf6 {[%clk 0:22:37]} 19. Qh7+ {[%clk 0:37:34]} Kf8
{[%clk 0:22:32]} 20. Bg6 {[%clk 0:37:24]} Bg5 {[%clk 0:17:19]} 21. Qh8+ {[%clk
0:37:11]} Ke7 {[%clk 0:17:47]} 22. Qxg7+ {[%clk 0:37:39]} Nf7 {[%clk 0:18:04]}
23. Bxf7 {[%clk 0:33:03]} Be3+ 24. Kg2 Rxf7 {[%clk 0:18:33]} 25. Qg6 {[%clk
0:33:56]} Qh8 {[%clk 0:17:38]} 26. f4 {[%clk 0:32:22]} cxd4 {[%clk 0:16:45]}
27. Nf3 {[%clk 0:31:52]} Nc6 {[%clk 0:13:29]} 28. Qd3 {[%clk 0:30:12]} Rg8
{[%clk 0:11:00]} 29. Kh1 {[%clk 0:29:49]} h4 30. Nxh4 dxc3 {[%clk 0:03:10]} 31.
Nxc3 {[%clk 0:29:47]} d4 {[%clk 0:01:44]} 32. Ne4 {[%clk 0:25:45]} Nb4 {[%clk
0:01:45]} 33. Qb5 {[%clk 0:25:31]} Bxe4+ {[%clk 0:01:49]} 34. Ng2 {[%clk
0:25:58]} Qh3 {[%clk 0:01:12]} 35. Qxb4+ {[%clk 0:26:15]} Kf6 {[%clk 0:01:33]}
36. Rd2 {[%clk 0:26:16]} Rh8 {[%clk 0:01:48]} 0-1

[Event "Deutsche Ländermeisterschaft 2018"]
[Site "Würzburg GER"]
[Date "2018.10.03"]
[Round "1"]
[White "Bardorz, Jana"]
[Black "Hetzner, Hannes"]
[Result "0-1"]
[Termination "normal"]
[Board "7.5"]
[WhiteElo "1810"]
[BlackElo "1855"]
[WhiteClock "00:00:49"]
[BlackClock "00:00:42"]
[WhiteTeam "Bayern 2"]
[BlackTeam "Bayern 1"]
[PlyCount "78"]
[WhiteFideId "16208897"]
[BlackFideId "16211936"]
[EventCountry "GER"]
[EventRounds "7"]
[EventType "team-swiss"]
[EventDate "2018.10.02"]

1. e4 {[%clk 1:30:56]} e6 {[%clk 1:30:53]} 2. d4 {[%clk 1:31:21]} d5 {[%clk
1:31:20]} 3. Nd2 {[%clk 1:31:44]} Nf6 {[%clk 1:31:38]} 4. e5 {[%clk 1:32:01]}
Nfd7 {[%clk 1:32:02]} 5. Bd3 {[%clk 1:32:09]} c5 {[%clk 1:32:23]} 6. c3 {[%clk
1:32:27]} Nc6 {[%clk 1:32:47]} 7. Ne2 {[%clk 1:31:52]} cxd4 {[%clk 1:33:09]} 8.
cxd4 {[%clk 1:32:15]} f6 {[%clk 1:33:32]} 9. exf6 {[%clk 1:32:08]} Nxf6 {[%clk
1:33:46]} 10. Nf3 {[%clk 1:32:02]} Bd6 {[%clk 1:34:05]} 11. O-O {[%clk
1:31:43]} Qc7 {[%clk 1:33:31]} 12. Bg5 {[%clk 1:30:54]} O-O {[%clk 1:32:08]}
13. Bh4 {[%clk 1:29:41]} Nh5 {[%clk 1:24:34]} 14. Qc2 {[%clk 1:25:59]} h6
{[%clk 1:23:41]} 15. Bh7+ {[%clk 1:23:17]} Kh8 {[%clk 1:24:04]} 16. Bg6 {[%clk
1:23:40]} Nf4 {[%clk 1:04:32]} 17. Nxf4 {[%clk 1:16:11]} Bxf4 {[%clk 1:00:11]}
18. Bg3 {[%clk 1:12:40]} Bxg3 {[%clk 0:56:56]} 19. fxg3 {[%clk 1:10:05]} Qb6
{[%clk 0:52:31]} 20. Ne5 {[%clk 0:57:57]} Rf6 {[%clk 0:32:27]} 21. Nf7+ {[%clk
0:48:07]} Kg8 {[%clk 0:31:19]} 22. Rxf6 {[%clk 0:40:42]} gxf6 {[%clk 0:30:47]}
23. Nxh6+ {[%clk 0:38:33]} Kg7 24. Be8 {[%clk 0:33:09]} Qxd4+ {[%clk 0:27:20]}
25. Kh1 {[%clk 0:32:13]} Ne5 {[%clk 0:24:40]} 26. Rf1 {[%clk 0:24:40]} f5
{[%clk 0:18:05]} 27. Rf4 Qe3 28. Qd1 {[%clk 0:15:32]} Bd7 {[%clk 0:10:34]} 29.
Bxd7 {[%clk 0:13:31]} Nxd7 {[%clk 0:10:40]} 30. Rxf5 {[%clk 0:12:00]} Ne5
{[%clk 0:02:11]} 31. h4 {[%clk 0:06:37]} Rc8 {[%clk 0:01:02]} 32. Rg5+ {[%clk
0:03:08]} Ng6 {[%clk 0:00:39]} 33. Ng4 {[%clk 0:01:51]} Qc1 {[%clk 0:00:35]}
34. Qxc1 {[%clk 0:02:15]} Rxc1+ {[%clk 0:00:59]} 35. Kh2 {[%clk 0:02:42]} Kf7
{[%clk 0:00:54]} 36. h5 {[%clk 0:02:48]} Nf8 {[%clk 0:00:38]} 37. h6 {[%clk
0:02:03]} Ng6 {[%clk 0:00:35]} 38. Rh5 {[%clk 0:01:40]} Rc8 {[%clk 0:00:50]}
39. Nf2 {[%clk 0:00:49]} e5 {[%clk 0:00:42]} 0-1

[Event "Deutsche Ländermeisterschaft 2018"]
[Site "Würzburg GER"]
[Date "2018.10.03"]
[Round "1"]
[White "Grunert, Wilhelm"]
[Black "Oberhofer, Marie"]
[Result "0-1"]
[Termination "normal"]
[Board "7.7"]
[WhiteElo "1653"]
[BlackElo "1724"]
[WhiteClock "01:31:20"]
[BlackClock "01:30:13"]
[WhiteTeam "Bayern 2"]
[BlackTeam "Bayern 1"]
[PlyCount "23"]
[WhiteFideId "12995673"]
[BlackFideId "12938165"]
[EventCountry "GER"]
[EventRounds "7"]
[EventType "team-swiss"]
[EventDate "2018.10.02"]

1. e4 {[%clk 1:30:57]} c5 {[%clk 1:30:53]} 2. Nf3 {[%clk 1:31:19]} d6 {[%clk
1:31:18]} 3. d4 {[%clk 1:31:37]} cxd4 {[%clk 1:31:42]} 4. Nxd4 {[%clk 1:31:57]}
Nf6 {[%clk 1:32:08]} 5. Nc3 {[%clk 1:32:04]} g6 {[%clk 1:32:31]} 6. Be3 {[%clk
1:31:59]} Bg7 {[%clk 1:32:54]} 7. Bc4 {[%clk 1:31:53]} O-O {[%clk 1:33:06]} 8.
f3 {[%clk 1:31:59]} Nc6 {[%clk 1:32:57]} 9. Qd2 {[%clk 1:32:11]} Bd7 {[%clk
1:32:33]} 10. g4 {[%clk 1:31:57]} Ne5 {[%clk 1:31:00]} 11. Bb3 {[%clk 1:31:55]}
b5 {[%clk 1:30:13]} 12. O-O-O {[%clk 1:31:20]} 0-1

[Event "Deutsche Ländermeisterschaft 2018"]
[Site "Würzburg GER"]
[Date "2018.10.03"]
[Round "1"]
[White "Muckle, Julius"]
[Black "Schmekel, Florian"]
[Result "1-0"]
[Termination "normal"]
[Board "8.1"]
[WhiteTitle "FM"]
[WhiteElo "2348"]
[BlackElo "2106"]
[WhiteClock "00:31:07"]
[BlackClock "00:16:44"]
[WhiteTeam "Rheinland-Pfalz"]
[BlackTeam "Mecklenburg-Vorpommern"]
[PlyCount "57"]
[WhiteFideId "12942430"]
[BlackFideId "12913456"]
[EventCountry "GER"]
[EventRounds "7"]
[EventType "team-swiss"]
[EventDate "2018.10.02"]

1. d4 {[%clk 1:30:58]} Nf6 {[%clk 1:30:56]} 2. c4 {[%clk 1:31:25]} e6 {[%clk
1:31:19]} 3. Nc3 {[%clk 1:31:52]} Bb4 {[%clk 1:31:44]} 4. e3 {[%clk 1:32:20]}
c5 {[%clk 1:32:07]} 5. Bd3 {[%clk 1:32:31]} Bxc3+ {[%clk 1:32:10]} 6. bxc3
{[%clk 1:32:55]} d6 {[%clk 1:32:22]} 7. Ne2 {[%clk 1:33:02]} O-O {[%clk
1:32:25]} 8. O-O {[%clk 1:33:22]} Nc6 {[%clk 1:32:33]} 9. e4 {[%clk 1:31:49]}
e5 {[%clk 1:32:34]} 10. d5 {[%clk 1:31:16]} Na5 {[%clk 1:32:32]} 11. Ng3 {[%clk
1:29:50]} Ne8 {[%clk 1:15:30]} 12. f4 {[%clk 1:28:56]} f6 {[%clk 1:14:55]} 13.
f5 {[%clk 1:12:13]} b6 {[%clk 1:11:32]} 14. Rf3 {[%clk 1:11:42]} Ba6 {[%clk
1:10:38]} 15. Nf1 {[%clk 1:04:10]} Kf7 {[%clk 0:58:16]} 16. Rg3 {[%clk
0:53:53]} Ke7 {[%clk 0:55:19]} 17. Nd2 {[%clk 0:50:37]} Qd7 {[%clk 0:51:59]}
18. Nb3 {[%clk 0:43:25]} Qa4 {[%clk 0:31:56]} 19. Bc2 {[%clk 0:43:10]} Nxb3
{[%clk 0:31:45]} 20. Bxb3 {[%clk 0:43:34]} Qd7 {[%clk 0:32:10]} 21. Rb1 {[%clk
0:41:56]} Qc7 {[%clk 0:23:28]} 22. Ba4 {[%clk 0:39:03]} Bc8 {[%clk 0:20:04]}
23. Bxe8 {[%clk 0:31:21]} Kxe8 {[%clk 0:20:18]} 24. Qh5+ {[%clk 0:31:49]} g6
{[%clk 0:19:14]} 25. fxg6 {[%clk 0:31:50]} hxg6 {[%clk 0:19:30]} 26. Rxg6
{[%clk 0:31:55]} Qf7 {[%clk 0:18:37]} 27. Bh6 {[%clk 0:32:07]} Rh8 {[%clk
0:17:15]} 28. Rf1 {[%clk 0:32:22]} f5 {[%clk 0:16:44]} 29. Qg5 {[%clk 0:31:07]}
1-0

[Event "Deutsche Ländermeisterschaft 2018"]
[Site "Würzburg GER"]
[Date "2018.10.03"]
[Round "1"]
[White "Fromm, Marius"]
[Black "Karsay, Pascal"]
[Result "0-1"]
[Termination "normal"]
[Board "8.2"]
[WhiteElo "2022"]
[BlackElo "2261"]
[WhiteClock "00:27:42"]
[BlackClock "00:28:36"]
[WhiteTeam "Mecklenburg-Vorpommern"]
[BlackTeam "Rheinland-Pfalz"]
[PlyCount "88"]
[WhiteFideId "12993190"]
[BlackFideId "12953474"]
[EventCountry "GER"]
[EventRounds "7"]
[EventType "team-swiss"]
[EventDate "2018.10.02"]

1. Nf3 {[%clk 1:30:55]} Nf6 {[%clk 1:30:41]} 2. c4 {[%clk 1:31:18]} e6 {[%clk
1:31:03]} 3. g3 {[%clk 1:31:38]} d5 {[%clk 1:31:26]} 4. Bg2 {[%clk 1:31:27]}
dxc4 {[%clk 1:31:01]} 5. Qa4+ {[%clk 1:31:43]} Nbd7 {[%clk 1:30:15]} 6. Qxc4
{[%clk 1:31:17]} c5 {[%clk 1:29:44]} 7. a4 {[%clk 1:12:48]} b6 {[%clk 1:19:09]}
8. Nc3 {[%clk 1:06:54]} Bb7 {[%clk 1:14:52]} 9. O-O {[%clk 1:05:41]} a6 {[%clk
0:59:56]} 10. Qb3 {[%clk 1:01:31]} Rc8 {[%clk 0:55:59]} 11. d3 {[%clk 0:58:21]}
Bd6 {[%clk 0:53:16]} 12. Nd2 {[%clk 0:49:43]} Bxg2 {[%clk 0:52:52]} 13. Kxg2
{[%clk 0:50:08]} Qc7 {[%clk 0:44:30]} 14. Nde4 {[%clk 0:43:30]} Nxe4 {[%clk
0:41:21]} 15. Nxe4 {[%clk 0:43:28]} O-O {[%clk 0:38:35]} 16. Bd2 {[%clk
0:33:54]} Rce8 {[%clk 0:33:40]} 17. Nxd6 {[%clk 0:28:50]} Qxd6 {[%clk 0:34:04]}
18. Bc3 {[%clk 0:28:57]} Qd5+ {[%clk 0:26:02]} 19. Qxd5 {[%clk 0:29:20]} exd5
{[%clk 0:26:28]} 20. Rfe1 {[%clk 0:27:00]} d4 {[%clk 0:17:21]} 21. Bd2 {[%clk
0:27:23]} a5 {[%clk 0:15:21]} 22. Bf4 {[%clk 0:23:40]} Re6 {[%clk 0:14:36]} 23.
Kf3 {[%clk 0:20:13]} Nf6 {[%clk 0:11:28]} 24. Bd2 {[%clk 0:15:23]} Rfe8 {[%clk
0:09:01]} 25. Rad1 {[%clk 0:11:04]} Nd5 {[%clk 0:06:17]} 26. e4 {[%clk
0:10:05]} dxe3 27. fxe3 {[%clk 0:10:18]} Rf6+ {[%clk 0:05:42]} 28. Kg2 Rd6
{[%clk 0:06:02]} 29. Kf3 {[%clk 0:07:39]} Red8 {[%clk 0:05:51]} 30. Ke2 {[%clk
0:07:08]} h5 {[%clk 0:04:57]} 31. Rf1 {[%clk 0:04:30]} g6 {[%clk 0:02:56]} 32.
Rf3 {[%clk 0:03:39]} Ne7 {[%clk 0:01:43]} 33. Bc3 {[%clk 0:03:47]} c4 {[%clk
0:01:00]} 34. d4 {[%clk 0:02:04]} Re6 {[%clk 0:01:29]} 35. Kd2 {[%clk 0:01:33]}
Nd5 {[%clk 0:01:38]} 36. Re1 {[%clk 0:01:11]} Rde8 {[%clk 0:02:03]} 37. Re2
{[%clk 0:01:17]} f5 {[%clk 0:01:29]} 38. h3 {[%clk 0:01:25]} Re4 {[%clk
0:01:44]} 39. Re1 {[%clk 0:01:19]} Kg7 {[%clk 0:01:32]} 40. Re2 {[%clk
0:01:39]} Kf6 {[%clk 0:01:21]} 41. Re1 {[%clk 0:01:39]} g5 {[%clk 0:29:51]} 42.
g4 {[%clk 0:28:34]} hxg4 {[%clk 0:29:23]} 43. hxg4 {[%clk 0:28:46]} Rxg4 {[%clk
0:29:47]} 44. Rh3 {[%clk 0:27:42]} Rg2+ {[%clk 0:28:36]} 0-1

[Event "Deutsche Ländermeisterschaft 2018"]
[Site "Würzburg GER"]
[Date "2018.10.03"]
[Round "1"]
[White "Yankelevich, Michael"]
[Black "Troyke, Jannis"]
[Result "1-0"]
[Termination "normal"]
[Board "8.3"]
[WhiteElo "1961"]
[BlackElo "1924"]
[WhiteClock "01:08:43"]
[BlackClock "00:21:17"]
[WhiteTeam "Rheinland-Pfalz"]
[BlackTeam "Mecklenburg-Vorpommern"]
[PlyCount "39"]
[WhiteFideId "12921440"]
[BlackFideId "12993115"]
[EventCountry "GER"]
[EventRounds "7"]
[EventType "team-swiss"]
[EventDate "2018.10.02"]

1. e4 {[%clk 1:30:57]} c5 {[%clk 1:30:53]} 2. Ne2 {[%clk 1:31:11]} Nc6 {[%clk
1:28:43]} 3. Nbc3 {[%clk 1:31:17]} g6 {[%clk 1:27:45]} 4. d4 {[%clk 1:31:07]}
cxd4 {[%clk 1:27:52]} 5. Nxd4 {[%clk 1:31:11]} Bg7 {[%clk 1:28:01]} 6. Nde2
{[%clk 1:31:20]} Nf6 {[%clk 1:27:12]} 7. g3 {[%clk 1:30:44]} d6 {[%clk
1:21:34]} 8. Bg2 {[%clk 1:29:18]} O-O {[%clk 1:21:00]} 9. O-O {[%clk 1:28:05]}
Bd7 {[%clk 1:18:06]} 10. h3 {[%clk 1:26:18]} Rb8 {[%clk 1:10:29]} 11. a4 {[%clk
1:25:51]} a6 {[%clk 1:09:56]} 12. Nd5 {[%clk 1:25:20]} Nxd5 {[%clk 1:02:40]}
13. exd5 {[%clk 1:25:16]} Na5 {[%clk 0:59:33]} 14. Re1 {[%clk 1:22:35]} Re8
{[%clk 0:52:36]} 15. c3 {[%clk 1:21:03]} Qb6 {[%clk 0:46:30]} 16. Qd3 {[%clk
1:10:40]} Nb3 {[%clk 0:41:34]} 17. Be3 {[%clk 1:09:45]} Qa5 {[%clk 0:27:02]}
18. Ra3 {[%clk 1:09:12]} Bxa4 {[%clk 0:21:02]} 19. Qc4 {[%clk 1:08:32]} b5
{[%clk 0:21:17]} 20. Qxb3 {[%clk 1:08:43]} 1-0

[Event "Deutsche Ländermeisterschaft 2018"]
[Site "Würzburg GER"]
[Date "2018.10.03"]
[Round "1"]
[White "Schumann, Rabea"]
[Black "Musiolik, David"]
[Result "0-1"]
[Termination "normal"]
[Board "8.4"]
[WhiteElo "1903"]
[BlackElo "2057"]
[WhiteClock "00:00:46"]
[BlackClock "00:13:37"]
[WhiteTeam "Mecklenburg-Vorpommern"]
[BlackTeam "Rheinland-Pfalz"]
[PlyCount "124"]
[WhiteFideId "12918199"]
[BlackFideId "12972355"]
[EventCountry "GER"]
[EventRounds "7"]
[EventType "team-swiss"]
[EventDate "2018.10.02"]

1. c4 {[%clk 1:30:56]} e6 {[%clk 1:30:54]} 2. Nf3 {[%clk 1:31:14]} Nf6 {[%clk
1:30:50]} 3. g3 {[%clk 1:31:27]} d5 {[%clk 1:31:12]} 4. Bg2 {[%clk 1:31:36]}
dxc4 {[%clk 1:31:35]} 5. Na3 {[%clk 1:30:24]} Bxa3 {[%clk 1:31:19]} 6. bxa3
{[%clk 1:30:46]} Nc6 {[%clk 1:28:19]} 7. Qa4 {[%clk 1:23:01]} O-O {[%clk
1:20:04]} 8. Qxc4 {[%clk 1:18:44]} e5 {[%clk 1:16:26]} 9. d3 {[%clk 1:06:59]}
h6 {[%clk 1:00:30]} 10. O-O {[%clk 1:04:45]} Nd4 {[%clk 0:48:04]} 11. Nxd4
{[%clk 0:55:18]} Qxd4 {[%clk 0:39:23]} 12. Qxd4 {[%clk 0:49:08]} exd4 {[%clk
0:39:52]} 13. Bf4 {[%clk 0:48:41]} c6 {[%clk 0:37:35]} 14. Rab1 {[%clk
0:42:38]} Rd8 {[%clk 0:34:34]} 15. Rfc1 {[%clk 0:38:58]} Nd5 {[%clk 0:31:48]}
16. Bd2 {[%clk 0:35:53]} g5 {[%clk 0:25:08]} 17. Rc5 {[%clk 0:32:34]} Nc7
{[%clk 0:22:49]} 18. Ba5 {[%clk 0:14:29]} Ne6 {[%clk 0:18:57]} 19. Rc2 {[%clk
0:13:31]} Rd6 {[%clk 0:15:23]} 20. Bb4 {[%clk 0:12:24]} Rd7 {[%clk 0:15:22]}
21. Ba5 {[%clk 0:10:21]} c5 {[%clk 0:13:51]} 22. Bd2 {[%clk 0:06:55]} Rb8
{[%clk 0:12:31]} 23. a4 {[%clk 0:06:43]} b6 {[%clk 0:11:10]} 24. a5 {[%clk
0:06:03]} Bb7 {[%clk 0:06:09]} 25. axb6 {[%clk 0:05:59]} Bxg2 {[%clk 0:06:16]}
26. Kxg2 {[%clk 0:06:20]} Rxb6 {[%clk 0:05:50]} 27. Rcb2 {[%clk 0:05:08]} Rdb7
{[%clk 0:05:45]} 28. Rxb6 {[%clk 0:04:07]} Rxb6 {[%clk 0:05:15]} 29. Rxb6
{[%clk 0:04:28]} axb6 {[%clk 0:05:44]} 30. Kf3 {[%clk 0:03:19]} f6 {[%clk
0:04:23]} 31. Ke4 {[%clk 0:03:06]} Nc7 {[%clk 0:04:36]} 32. e3 {[%clk 0:02:33]}
dxe3 {[%clk 0:03:24]} 33. fxe3 {[%clk 0:02:43]} Kf7 {[%clk 0:03:34]} 34. Bc3
{[%clk 0:01:42]} h5 {[%clk 0:01:56]} 35. h3 {[%clk 0:01:42]} Ke6 {[%clk
0:01:46]} 36. g4 {[%clk 0:01:58]} hxg4 {[%clk 0:02:12]} 37. hxg4 {[%clk
0:02:23]} Nb5 {[%clk 0:01:41]} 38. Bb2 {[%clk 0:02:36]} Nd6+ {[%clk 0:01:33]}
39. Kf3 {[%clk 0:02:58]} c4 {[%clk 0:01:00]} 40. dxc4 {[%clk 0:01:55]} Nxc4
{[%clk 0:01:27]} 41. Bd4 {[%clk 0:01:33]} b5 {[%clk 0:28:13]} 42. Ke4 {[%clk
0:13:00]} Na5 {[%clk 0:25:54]} 43. Kd3 {[%clk 0:07:06]} Nc6 {[%clk 0:25:41]}
44. Bc3 {[%clk 0:06:07]} Ne5+ {[%clk 0:19:42]} 45. Kd4 {[%clk 0:05:14]} Kd6
{[%clk 0:18:02]} 46. Bb4+ {[%clk 0:04:36]} Kc6 {[%clk 0:17:55]} 47. Be7 {[%clk
0:03:27]} Nxg4 {[%clk 0:17:49]} 48. Ke4 {[%clk 0:03:24]} Kd7 {[%clk 0:17:12]}
49. Bc5 {[%clk 0:03:00]} Ke6 {[%clk 0:16:51]} 50. Bd4 {[%clk 0:02:31]} Ne5
{[%clk 0:16:38]} 51. Bb6 {[%clk 0:01:43]} Nc6 {[%clk 0:14:10]} 52. Bc5 {[%clk
0:01:42]} f5+ {[%clk 0:13:20]} 53. Kd3 {[%clk 0:01:48]} Kd5 {[%clk 0:13:31]}
54. Bf8 {[%clk 0:01:54]} g4 {[%clk 0:13:37]} 55. a3 {[%clk 0:01:58]} Ne5+
{[%clk 0:13:30]} 56. Kc3 {[%clk 0:01:33]} g3 {[%clk 0:13:48]} 57. e4+ {[%clk
0:00:59]} Kxe4 {[%clk 0:13:03]} 58. Bc5 {[%clk 0:01:06]} g2 {[%clk 0:13:16]}
59. Ba7 {[%clk 0:00:55]} f4 {[%clk 0:13:26]} 60. Bb6 {[%clk 0:00:46]} f3 {[%clk
0:13:27]} 61. Kb4 {[%clk 0:00:41]} f2 {[%clk 0:13:16]} 62. Bxf2 {[%clk
0:00:46]} Nd3+ {[%clk 0:13:37]} 0-1

[Event "Deutsche Ländermeisterschaft 2018"]
[Site "Würzburg GER"]
[Date "2018.10.03"]
[Round "1"]
[White "Ley, Sabrina"]
[Black "Focke, Adrian"]
[Result "1-0"]
[Termination "normal"]
[Board "8.5"]
[WhiteElo "1902"]
[BlackElo "1804"]
[WhiteClock "00:02:18"]
[BlackClock "00:02:40"]
[WhiteTeam "Rheinland-Pfalz"]
[BlackTeam "Mecklenburg-Vorpommern"]
[PlyCount "127"]
[WhiteFideId "12938130"]
[BlackFideId "12969869"]
[EventCountry "GER"]
[EventRounds "7"]
[EventType "team-swiss"]
[EventDate "2018.10.02"]

1. e4 {[%clk 1:30:58]} c5 {[%clk 1:30:31]} 2. Nc3 {[%clk 1:31:23]} e6 {[%clk
1:30:58]} 3. Nge2 {[%clk 1:31:49]} Nc6 {[%clk 1:30:38]} 4. g3 {[%clk 1:32:00]}
g6 {[%clk 1:29:40]} 5. d4 {[%clk 1:30:36]} cxd4 {[%clk 1:28:59]} 6. Nxd4 {[%clk
1:30:43]} Bg7 {[%clk 1:29:13]} 7. Ndb5 {[%clk 1:24:37]} Nf6 {[%clk 1:14:40]} 8.
Nd6+ {[%clk 1:21:31]} Kf8 {[%clk 1:14:04]} 9. Be3 {[%clk 1:04:41]} a6 {[%clk
1:11:16]} 10. Na4 {[%clk 0:50:58]} b5 {[%clk 0:54:34]} 11. Nb6 {[%clk 0:40:21]}
Rb8 {[%clk 0:54:52]} 12. Nbxc8 {[%clk 0:39:10]} Rxc8 {[%clk 0:54:23]} 13. Nxc8
{[%clk 0:38:00]} Qxc8 {[%clk 0:54:50]} 14. Bg2 {[%clk 0:37:09]} h5 {[%clk
0:52:40]} 15. h3 {[%clk 0:33:02]} d5 {[%clk 0:48:25]} 16. exd5 {[%clk 0:27:29]}
Nxd5 {[%clk 0:47:33]} 17. Bxd5 {[%clk 0:14:52]} exd5 {[%clk 0:47:06]} 18. c3
{[%clk 0:12:28]} Qe6 {[%clk 0:44:12]} 19. Qd2 {[%clk 0:05:05]} d4 {[%clk
0:40:00]} 20. cxd4 {[%clk 0:04:54]} Bxd4 {[%clk 0:39:35]} 21. O-O {[%clk
0:03:29]} Bf6 {[%clk 0:33:13]} 22. h4 {[%clk 0:02:31]} Ne5 {[%clk 0:27:08]} 23.
Bc5+ {[%clk 0:01:45]} Kg7 {[%clk 0:27:18]} 24. Qe3 {[%clk 0:01:56]} Qc6 {[%clk
0:17:28]} 25. f3 {[%clk 0:01:51]} Rd8 {[%clk 0:14:32]} 26. Rac1 {[%clk
0:00:47]} Nc4 {[%clk 0:12:58]} 27. Qf2 {[%clk 0:00:56]} Rd2 {[%clk 0:09:19]}
28. Qxd2 {[%clk 0:01:04]} Qxc5+ {[%clk 0:06:17]} 29. Kg2 {[%clk 0:00:50]} Ne3+
{[%clk 0:02:46]} 30. Kh1 {[%clk 0:00:44]} Nxf1 {[%clk 0:03:03]} 31. Rxf1 {[%clk
0:01:14]} Qe5 {[%clk 0:03:16]} 32. Kg2 {[%clk 0:01:14]} Qxb2 {[%clk 0:03:10]}
33. Qxb2 {[%clk 0:01:34]} Bxb2 {[%clk 0:03:37]} 34. Rd1 {[%clk 0:01:42]} b4
{[%clk 0:01:20]} 35. Rd6 {[%clk 0:01:51]} a5 {[%clk 0:01:43]} 36. Ra6 {[%clk
0:01:49]} Bc3 {[%clk 0:02:09]} 37. Kf2 {[%clk 0:02:03]} Bd2 {[%clk 0:00:54]}
38. Ke2 {[%clk 0:02:09]} Bc3 {[%clk 0:01:21]} 39. Kf1 {[%clk 0:01:40]} Bd2
{[%clk 0:01:45]} 40. Ke2 {[%clk 0:02:07]} Bc3 {[%clk 0:02:10]} 41. Ra7 {[%clk
0:22:10]} Be5 {[%clk 0:26:16]} 42. g4 {[%clk 0:17:48]} hxg4 {[%clk 0:24:08]}
43. fxg4 {[%clk 0:18:10]} Bf6 {[%clk 0:19:09]} 44. h5 {[%clk 0:12:32]} Bd8
{[%clk 0:09:31]} 45. Kf3 {[%clk 0:11:57]} Kh6 {[%clk 0:06:09]} 46. Rd7 {[%clk
0:06:02]} Bg5 {[%clk 0:04:37]} 47. Rxf7 {[%clk 0:04:35]} gxh5 {[%clk 0:04:00]}
48. gxh5 {[%clk 0:04:48]} Kxh5 {[%clk 0:04:24]} 49. Ra7 {[%clk 0:04:56]} Bd8
{[%clk 0:03:55]} 50. Ra8 {[%clk 0:04:44]} Bc7 {[%clk 0:04:09]} 51. Ke4 {[%clk
0:05:02]} Kg6 {[%clk 0:03:29]} 52. Kd5 {[%clk 0:04:16]} Kf6 {[%clk 0:03:20]}
53. Kc6 {[%clk 0:03:07]} Be5 {[%clk 0:02:13]} 54. Rxa5 {[%clk 0:03:06]} Bc3
{[%clk 0:02:35]} 55. Rd5 {[%clk 0:01:55]} Ke6 {[%clk 0:02:27]} 56. Rh5 {[%clk
0:01:25]} Ke7 {[%clk 0:02:18]} 57. Kc5 {[%clk 0:01:18]} Ke6 {[%clk 0:01:54]}
58. Kc4 {[%clk 0:01:40]} Kd6 {[%clk 0:02:19]} 59. a3 {[%clk 0:01:51]} Kc6
{[%clk 0:01:12]} 60. axb4 {[%clk 0:02:05]} Be1 {[%clk 0:01:38]} 61. Rh6+ {[%clk
0:02:20]} Kc7 {[%clk 0:02:00]} 62. Kb5 {[%clk 0:02:25]} Bd2 {[%clk 0:02:16]}
63. Rh2 {[%clk 0:02:02]} Be1 {[%clk 0:02:40]} 64. Re2 {[%clk 0:02:18]} 1-0